Score 0/15 Timer 04:00
0 Plays Today
% Correct
The Cat in the Hat
96.7%
The Lion King
96.5%
Shrek
95.4%
The Aristocats
86.1%
Alice in Wonderland
82.6%
Robin Hood
77.8%
Aladdin
71.3%
Lady & the Tramp
70.4%
% Correct
Oliver and Company
64%
Winnie-the-Pooh
62.5%
Pinocchio
61.9%
Pete the Cat
24.6%
Bad Kitty
16.4%
Skippyjon Jones
15.3%
Mog
12.8%
Remove Ads.
Support Sporcle.
Get the best of Sporcle when you Go Orange. This ad-free experience offers more features, more stats, and more fun while also helping to support Sporcle. Thank you for becoming a member.

You're not logged in!

Compare scores with friends on all Sporcle quizzes.
OR
Log In

Show Comments

Extras

Top Quizzes Today


Score Distribution

Your Account Isn't Verified!

In order to create a playlist on Sporcle, you need to verify the email address you used during registration. Go to your Sporcle Settings to finish the process.

Report this User

Report this user for behavior that violates our Community Guidelines.

Details: